[Event "5th OHRA Open"]
[Site "Amsterdam NED"]
[Date "1986.07.25"]
[Round "4"]
[White "Marjanovic, Slavoljub"]
[Black "Hartoch, Robert"]
[Result "1/2-1/2"]
[WhiteElo "2515"]
[BlackElo "2370"]
[EventDate "1986.07.22"]
[PlyCount "52"]

1.e4 e5 2.Nf3 Nf6 3.Nxe5 d6 4.Nf3 Nxe4 5.d4 d5 6.Bd3 Nc6 7.O-O Bg4 8.Re1 
Be7 9.c4 Nf6 10.cxd5 Bxf3 11.Qxf3 Qxd5 12.Qxd5 Nxd5 13.Nc3 Ndb4 14.Be4 
Nxd4 15.Be3 Rd8 16.Bxd4 Rxd4 17.a3 Nc6 18.Nb5 Rd2 19.Rad1 Rxd1 20.Rxd1 h5 
21.Nxc7+ Kf8 22.Nd5 Rh6 23.g3 Rd6 24.Rc1 Bd8 25.Ne3 Bg5 26.Rc3 Bxe3 
1/2-1/2

[Event "5th OHRA Open"]
[Site "Amsterdam NED"]
[Date "1986.07.25"]
[Round "4"]
[White "Douven, Rudy"]
[Black "Geller, Efim"]
[Result "1/2-1/2"]
[WhiteElo "2415"]
[BlackElo "2490"]
[EventDate "1986.07.22"]
[PlyCount "51"]

1.d4 d5 2.c4 e6 3.Nc3 Be7 4.Nf3 Nf6 5.Bg5 O-O 6.e3 h6 7.Bxf6 Bxf6 8.Rc1 c6
9.Bd3 Nd7 10.O-O dxc4 11.Bxc4 e5 12.h3 exd4 13.exd4 Nb6 14.Bb3 Re8 15.Re1 
Bf5 16.Rxe8+ Qxe8 17.Qd2 Qd7 18.Re1 a5 19.Ne4 Bxe4 20.Rxe4 a4 21.Bc2 Nc4 
22.Qb4 Nd6 23.Re2 Nb5 24.Bxa4 Nxd4 25.Nxd4 Bxd4 26.Bb3 1/2-1/2

[Event "5th OHRA Open"]
[Site "Amsterdam NED"]
[Date "1986.07.25"]
[Round "4"]
[White "Piket, Jeroen"]
[Black "Langeweg, Christian"]
[Result "1/2-1/2"]
[WhiteElo "2390"]
[BlackElo "2400"]
[EventDate "1986.07.22"]
[PlyCount "30"]

1.d4 e6 2.Nf3 Nf6 3.e3 b6 4.Bd3 Bb7 5.Nbd2 c5 6.O-O Be7 7.Re1 d6 8.c3 cxd4
9.exd4 O-O 10.a4 a6 11.Qe2 Nbd7 12.Ne4 Nxe4 13.Bxe4 Bxe4 14.Qxe4 d5 15.Qd3
Qc7 1/2-1/2

[Event "5th OHRA Open"]
[Site "Amsterdam NED"]
[Date "1986.07.25"]
[Round "4"]
[White "Peelen, Piet"]
[Black "Weemaes, Ronald"]
[Result "1/2-1/2"]
[WhiteElo "2395"]
[BlackElo "2335"]
[EventDate "1986.07.22"]
[PlyCount "63"]

1.e4 e5 2.Nf3 Nc6 3.Bb5 f5 4.Nc3 fxe4 5.Nxe4 Nf6 6.Qe2 Qe7 7.O-O d5 8.
Nxf6+ gxf6 9.c4 dxc4 10.Qxc4 Bd7 11.d4 a6 12.Bxc6 Bxc6 13.dxe5 Bxf3 14.
exf6 Qxf6 15.Re1+ Be7 16.gxf3 O-O-O 17.Bf4 Bd6 18.Bg3 Qxf3 19.Rad1 Rhf8 
20.Rd3 Qf5 21.Red1 Bxg3 22.Rxd8+ Rxd8 23.Rxd8+ Kxd8 24.hxg3 b5 25.Qd4+ Kc8
26.Kg2 c5 27.Qd6 Kb7 28.Qe7+ Kb6 29.a3 Qd5+ 30.Kg1 Qd1+ 31.Kg2 Qd5+ 32.Kg1
1/2-1/2

[Event "5th OHRA Open"]
[Site "Amsterdam NED"]
[Date "1986.07.25"]
[Round "4"]
[White "Rivas Pastor, Manuel"]
[Black "Blees, Albert"]
[Result "0-1"]
[WhiteElo "2470"]
[BlackElo "2360"]
[EventDate "1986.07.22"]
[PlyCount "130"]

1.d4 Nf6 2.c4 g6 3.Nc3 Bg7 4.e4 d6 5.Nf3 O-O 6.Be3 e5 7.dxe5 dxe5 8.Qxd8 
Rxd8 9.Nd5 Na6 10.O-O-O Bg4 11.c5 Nxd5 12.exd5 Nb4 13.Bc4 b5 14.Bxb5 Nxa2+
15.Kb1 Rab8 16.Kxa2 Rxb5 17.d6 cxd6 18.Rxd6 Rdb8 19.b3 e4 20.Nd4 Rxc5 21.
Rc1 Ra5+ 22.Kb1 Be5 23.Rdc6 Rd8 24.R6c4 Be2 25.Rc8 Bd3+ 26.Kb2 Rd5 27.
Rxd8+ Rxd8 28.Kc3 g5 29.g3 f5 30.f4 gxf4 31.gxf4 Bf6 32.Ra1 a6 33.Rg1+ Kf7
34.Rg3 h5 35.b4 h4 36.Rg2 Bf1 37.Rd2 Bd3 38.Rg2 Rd7 39.Rg1 Bb5 40.Rd1 Be2 
41.Rd2 Bd3 42.Rg2 Rc7+ 43.Kb3 Rc4 44.Nxf5 Rc3+ 45.Ka2 Ke6 46.Nd4+ Kd5 47.
Nf5 Bc4+ 48.Kb1 Ra3 49.Bc5 Bd3+ 50.Kc1 Bc3 51.Ne3+ Kc6 52.Nc2 Bxc2 53.Rg6+
Kb5 54.Kxc2 Kc4 55.f5 Ra2+ 56.Kd1 a5 57.Rc6 axb4 58.f6 b3 59.f7 Rd2+ 60.
Ke1 Rd7+ 61.Ke2 Rxf7 62.Be7+ Kd4 63.Bf6+ Rxf6 64.Rxf6 b2 65.Rd6+ Kc4 0-1

[Event "5th OHRA Open"]
[Site "Amsterdam NED"]
[Date "1986.07.25"]
[Round "4"]
[White "Sehner, Norbert"]
[Black "Pliester, Leon"]
[Result "0-1"]
[WhiteElo "2390"]
[BlackElo "2380"]
[EventDate "1986.07.22"]
[PlyCount "94"]

1.c4 c5 2.g3 Nc6 3.Bg2 g6 4.Nc3 Bg7 5.a3 d6 6.e4 Nf6 7.d3 O-O 8.Nge2 Ne8 
9.O-O Nc7 10.Rb1 a5 11.Be3 Ne6 12.Nd5 Ned4 13.b4 Nxe2+ 14.Qxe2 axb4 15.
axb4 e6 16.b5 Nd4 17.Bxd4 Bxd4 18.Ne3 e5 19.h4 Ra3 20.Kh2 Be6 21.Nc2 Ra2 
22.Qd1 Qa5 23.Nxd4 cxd4 24.Bh3 Rd2 25.Qf3 Kg7 26.h5 Bxh3 27.Kxh3 Qd8 28.
Kg2 Qg5 29.Rh1 f5 30.hxg6 hxg6 31.Rh4 Qe3 32.exf5 Rxf5 33.Qxb7+ Kf6 34.Kh3
Rfxf2 35.Rh1 Qxd3 36.Qd7 Qf5+ 37.Qxf5+ Kxf5 38.Rh7 d3 39.b6 Rb2 40.b7 Ke4 
41.Rd7 d2 42.Rxd6 Rxb7 43.Rd1 Ke3 44.c5 Rb2 45.c6 Rc2 46.Kh4 Rc1 47.R6xd2 
Rc4+ 0-1

[Event "5th OHRA Open"]
[Site "Amsterdam NED"]
[Date "1986.07.27"]
[Round "5"]
[White "Murey, Jacob"]
[Black "Mednis, Edmar John"]
[Result "1/2-1/2"]
[WhiteElo "2490"]
[BlackElo "2470"]
[EventDate "1986.07.22"]
[PlyCount "51"]

1.c4 Nf6 2.Nc3 e6 3.Nf3 d5 4.d4 c6 5.Bg5 h6 6.Bxf6 Qxf6 7.Qc2 Nd7 8.e4 
dxe4 9.Qxe4 Bb4 10.Bd3 Qe7 11.O-O Nf6 12.Qh4 c5 13.Ne4 cxd4 14.Nxd4 O-O 
15.Nxf6+ Qxf6 16.Qxf6 gxf6 17.Rfd1 f5 18.Rac1 Rd8 19.Be2 Be7 20.Nb3 b6 21.
Rxd8+ Bxd8 22.Bf3 Rb8 23.Rd1 Bf6 24.Nd4 Bb7 25.b3 Rd8 26.Bxb7 1/2-1/2

[Event "5th OHRA Open"]
[Site "Amsterdam NED"]
[Date "1986.07.27"]
[Round "5"]
[White "Smejkal, Jan"]
[Black "Boersma, Paulus"]
[Result "1-0"]
[WhiteElo "2540"]
[BlackElo "2400"]
[EventDate "1986.07.22"]
[PlyCount "97"]

1.Nf3 d5 2.d4 Nf6 3.c4 e6 4.Nc3 Be7 5.Bg5 h6 6.Bxf6 Bxf6 7.e3 O-O 8.Rc1 c6
9.Bd3 Nd7 10.O-O Be7 11.Qc2 dxc4 12.Bxc4 b6 13.Rfd1 Bb7 14.e4 Qc7 15.Qe2 
Rac8 16.e5 Rfd8 17.a3 Nf8 18.Ba2 Rd7 19.h3 Qd8 20.Bb1 c5 21.Be4 Bxe4 22.
Qxe4 cxd4 23.Rxd4 Ng6 24.Rcd1 Rxd4 25.Nxd4 Rc4 26.Nce2 Rc5 27.f4 Rd5 28.
Kh2 Bc5 29.Nxe6 fxe6 30.Rxd5 Qxd5 31.Qxg6 Be3 32.Qc2 b5 33.Kg3 a5 34.Nc3 
Qc4 35.Qe4 Qxe4 36.Nxe4 Bc1 37.Nc3 b4 38.axb4 axb4 39.Na4 g5 40.fxg5 hxg5 
41.b3 Kf7 42.Kf3 Bf4 43.Ke4 Bd2 44.Nc5 Bc3 45.Na6 Kg6 46.Nc7 Kf7 47.Nb5 
Be1 48.Nd4 Bg3 49.Nc2 1-0

[Event "5th OHRA Open"]
[Site "Amsterdam NED"]
[Date "1986.07.27"]
[Round "5"]
[White "Geller, Efim"]
[Black "Piket, Jeroen"]
[Result "1/2-1/2"]
[WhiteElo "2490"]
[BlackElo "2390"]
[EventDate "1986.07.22"]
[PlyCount "110"]

1.d4 g6 2.Nf3 Bg7 3.c4 Nf6 4.g3 O-O 5.Bg2 d6 6.Nc3 Nc6 7.O-O a6 8.h3 Rb8 
9.e4 b5 10.e5 dxe5 11.dxe5 Qxd1 12.Rxd1 Nd7 13.e6 fxe6 14.cxb5 axb5 15.Be3
b4 16.Na4 Nde5 17.Ne1 b3 18.axb3 Rxb3 19.Rac1 Nb4 20.Rxc7 Ned3 21.Nxd3 
Nxd3 22.Rxe7 Bf6 23.Ra7 Nxb2 24.Nxb2 Rxb2 25.Bc5 Rf7 26.Ra8 Rc7 27.Bd6 Rc3
28.Ra7 Rbc2 29.Bf4 g5 30.Be3 Rc7 31.Ra5 h6 32.Rb1 Kg7 33.Ra8 Rb2 34.Rd1 
Bb7 35.Bxb7 Rcxb7 36.Rd6 Kf7 37.Raa6 Re7 38.Rdc6 Rbb7 39.Bb6 Re8 40.Kg2 
Rd7 41.Be3 Bd4 42.Bxd4 Rxd4 43.Rc3 Rd5 44.Ra7+ Re7 45.Ra8 Rf5 46.Rc4 Rb7 
47.Ra2 Rfb5 48.Re2 Rb2 49.Re3 Kg7 50.h4 Rf7 51.Rf3 Rxf3 52.Kxf3 Kg6 53.Re4
Rb3+ 54.Kg2 Kf5 55.Ra4 Kg6 1/2-1/2

[Event "5th OHRA Open"]
[Site "Amsterdam NED"]
[Date "1986.07.27"]
[Round "5"]
[White "Martinovic, Slobodan"]
[Black "Dolmatov, Sergei"]
[Result "1/2-1/2"]
[WhiteElo "2425"]
[BlackElo "2510"]
[EventDate "1986.07.22"]
[PlyCount "122"]

1.Nf3 Nf6 2.g3 d5 3.Bg2 c6 4.O-O Bg4 5.b3 Nbd7 6.Bb2 Qc7 7.c4 dxc4 8.bxc4 
e5 9.d3 Bd6 10.Nbd2 O-O 11.h3 Bh5 12.g4 Bg6 13.Nh4 Rfe8 14.g5 Nh5 15.Nxg6 
hxg6 16.e3 Be7 17.h4 Rad8 18.Nb3 Nf8 19.Qe2 f6 20.gxf6 gxf6 21.d4 exd4 22.
Nxd4 Bd6 23.Qf3 Be5 24.Rab1 Rd7 25.Qg4 Rh7 26.Nf3 f5 27.Qh3 Bxb2 28.Rxb2 
Ne6 29.Rd1 Rd8 30.Rbd2 Rhd7 31.Qh2 Rxd2 32.Rxd2 Rxd2 33.Nxd2 Qxh2+ 34.Kxh2
Kf7 35.Bf3 Nf6 36.Nb3 Ke7 37.Kg3 Kd6 38.a3 Ke5 39.Kg2 Ne4 40.Kf1 Nd6 41.
Na5 Nc5 42.Bd1 Nde4 43.Bc2 Kd6 44.f3 Nf6 45.Nb3 Nxb3 46.Bxb3 Kc5 47.Kf2 a5
48.Kg3 Nh5+ 49.Kf2 Ng7 50.Kg3 Kd6 51.Bc2 Nh5+ 52.Kf2 Nf6 53.Kg3 Ke5 54.Bd3
Ne8 55.f4+ Kf6 56.e4 fxe4 57.Bxe4 Nd6 58.Bd3 b5 59.cxb5 cxb5 60.Kf3 b4 61.
axb4 axb4 1/2-1/2

[Event "5th OHRA Open"]
[Site "Amsterdam NED"]
[Date "1986.07.27"]
[Round "5"]
[White "Eslon, Jaan"]
[Black "Zapata Ramirez, Alonso"]
[Result "0-1"]
[WhiteElo "2415"]
[BlackElo "2495"]
[EventDate "1986.07.22"]
[PlyCount "82"]

1.e4 c5 2.Nf3 Nc6 3.d4 cxd4 4.Nxd4 e6 5.Nb5 d6 6.c4 Nf6 7.N1c3 a6 8.Nd4 
Bd7 9.Be2 Be7 10.Be3 Rc8 11.Rc1 O-O 12.O-O Re8 13.b3 Bf8 14.Qd2 Ne5 15.h3 
Ng6 16.Rfd1 Qc7 17.Bf1 b6 18.Qb2 Qb7 19.Qb1 h6 20.g3 Rc7 21.Bg2 Qc8 22.a4 
d5 23.exd5 e5 24.Nc6 Bxh3 25.Qd3 Bc5 26.Bxc5 bxc5 27.Ne4 Bxg2 28.Nxf6+ 
gxf6 29.Kxg2 Qg4 30.Kf1 e4 31.Qe3 f5 32.Ke1 f4 33.gxf4 Nxf4 34.Kd2 Ng2 35.
Qxc5 e3+ 36.fxe3 Rxe3 37.Kc2 Re2+ 38.Kc3 Rb7 39.Qd4 Re4 40.Qf6 Re3+ 41.Kc2
Qe4+ 0-1

[Event "5th OHRA Open"]
[Site "Amsterdam NED"]
[Date "1986.07.27"]
[Round "5"]
[White "Braga, Fernando Alberto"]
[Black "Langeweg, Christian"]
[Result "1-0"]
[WhiteElo "2480"]
[BlackElo "2400"]
[EventDate "1986.07.22"]
[PlyCount "41"]

1.e4 e6 2.d4 d5 3.Nc3 Bb4 4.exd5 exd5 5.Bd3 Nc6 6.a3 Bxc3+ 7.bxc3 Nge7 8.
Qf3 Be6 9.Rb1 Na5 10.Nh3 Qd7 11.Ng5 h6 12.Nxe6 Qxe6+ 13.Kd1 O-O 14.Re1 Qd7
15.Qg3 Ng6 16.f4 Rfe8 17.Rxe8+ Rxe8 18.f5 Nf8 19.Bxh6 f6 20.Rb5 b6 21.Rxa5
1-0

[Event "5th OHRA Open"]
[Site "Amsterdam NED"]
[Date "1986.07.27"]
[Round "5"]
[White "Douven, Rudy"]
[Black "Ree, Hans"]
[Result "0-1"]
[WhiteElo "2415"]
[BlackElo "2450"]
[EventDate "1986.07.22"]
[PlyCount "74"]

1.Nf3 d5 2.d4 Nf6 3.c4 dxc4 4.e3 e6 5.Bxc4 c5 6.O-O a6 7.a4 Nc6 8.Qe2 cxd4
9.Rd1 Be7 10.exd4 O-O 11.Nc3 Nd5 12.Qe4 Nf6 13.Qe2 Nd5 14.Bd3 Ncb4 15.Bb1 
b6 16.Ne5 Ra7 17.Ne4 Rc7 18.Ra3 f5 19.Rh3 Rxc1 20.Rxc1 Nf4 21.Qf3 Nxh3+ 
22.Qxh3 fxe4 23.Bxe4 h6 24.Ng6 Re8 25.Qh5 Nd5 26.Ne5 Rf8 27.Qg6 Nf6 28.Ng4
Nxe4 29.Nxh6+ Kh8 30.Nf7+ Rxf7 31.Qxf7 Bg5 32.Rc7 Bh6 33.Ra7 Qxd4 34.g3 
Nxf2 35.Ra8 Ng4+ 36.Kg2 Ne3+ 37.Kf2 Qd2+ {time} 0-1

[Event "5th OHRA Open"]
[Site "Amsterdam NED"]
[Date "1986.07.27"]
[Round "5"]
[White "Hartoch, Robert"]
[Black "Piket, Marcel"]
[Result "1-0"]
[WhiteElo "2370"]
[BlackElo "2375"]
[EventDate "1986.07.22"]
[PlyCount "122"]

1.e4 d6 2.d4 Nf6 3.Nc3 g6 4.Be3 c6 5.h3 Bg7 6.a4 O-O 7.Nf3 a5 8.Be2 Na6 9.
O-O Qc7 10.Qd2 Re8 11.Rfd1 Nb4 12.Rac1 e5 13.dxe5 dxe5 14.Bc5 Bf8 15.Bxf8 
Kxf8 16.Qh6+ Kg8 17.Rd2 Be6 18.Rcd1 Rad8 19.Ng5 Rxd2 20.Rxd2 Qe7 21.Nd1 
Rd8 22.Nxe6 fxe6 23.c3 Na6 24.Bxa6 bxa6 25.f3 Nh5 26.Nf2 Nf4 27.Rxd8+ Qxd8
28.g3 Nh5 29.Kg2 c5 30.Qe3 c4 31.h4 Qb8 32.Qc5 Qxb2 33.Qxe5 Ng7 34.Qxa5 h5
35.Qe5 Kh7 36.a5 Qa2 37.Qc5 Qa4 38.Qb6 Qa3 39.Qb4 Qa2 40.Qb6 Qa3 41.Qxa6 
Qxc3 42.Qb5 Qd4 43.a6 c3 44.Qc6 Qd2 45.a7 c2 46.a8=Q c1=Q 47.Qxc1 Qxc1 48.
Qa2 g5 49.hxg5 Qxg5 50.f4 Qc5 51.Nh3 Qe3 52.Ng5+ Kg6 53.Qf2 Qd3 54.Kh3 Qc4
55.Qf3 Qa6 56.Qd1 Qc4 57.Kh4 Qa2 58.f5+ Kh6 59.f6 Qh2+ 60.Nh3 Qg2 61.Qc1+ 
Kh7 1-0

[Event "5th OHRA Open"]
[Site "Amsterdam NED"]
[Date "1986.07.27"]
[Round "5"]
[White "Pliester, Leon"]
[Black "Gheorghiu, Florin"]
[Result "1/2-1/2"]
[WhiteElo "2380"]
[BlackElo "2555"]
[EventDate "1986.07.22"]
[PlyCount "49"]

1.d4 Nf6 2.c4 c5 3.d5 d6 4.Nc3 g6 5.e4 Bg7 6.Bd3 O-O 7.Nge2 e6 8.O-O exd5 
9.exd5 Ng4 10.Ng3 f5 11.Nce2 Na6 12.a3 Qh4 13.h3 Ne5 14.f4 Nxd3 15.Qxd3 
Bd7 16.Rb1 Rae8 17.b4 b6 18.b5 Nc7 19.Bb2 Rf7 20.Bxg7 Rxg7 21.a4 Rge7 22.
Rf3 Qf6 23.Qc3 Qxc3 24.Nxc3 Re1+ 25.Kf2 1/2-1/2

[Event "5th OHRA Open"]
[Site "Amsterdam NED"]
[Date "1986.07.27"]
[Round "5"]
[White "Peelen, Piet"]
[Black "Rivas Pastor, Manuel"]
[Result "1/2-1/2"]
[WhiteElo "2395"]
[BlackElo "2470"]
[EventDate "1986.07.22"]
[PlyCount "79"]

1.e4 e6 2.d4 d5 3.e5 c5 4.c3 Nc6 5.Nf3 Nge7 6.Na3 cxd4 7.cxd4 Nf5 8.Nc2 
Bd7 9.Be2 Be7 10.O-O O-O 11.Bd2 Rc8 12.Bc3 b5 13.Qd2 Qb6 14.b4 Rc7 15.a4 
a6 16.axb5 axb5 17.Ra3 Ra7 18.Rfa1 Rfa8 19.Rxa7 Rxa7 20.Rxa7 Nxa7 21.g4 
Nh4 22.Nxh4 Bxh4 23.Ne1 Nc6 24.Kg2 Be7 25.f4 Qa7 26.Bxb5 Nxe5 27.dxe5 Bxb5
28.Nf3 Qa6 29.Bd4 Bd3 30.Bc5 Bxc5 31.bxc5 Be4 32.Kf2 Bxf3 33.Kxf3 Qa3+ 34.
Qe3 Qxe3+ 35.Kxe3 Kf8 36.Kd4 Ke8 37.c6 Kd8 38.Kc5 Kc7 39.h4 g6 40.g5 
1/2-1/2

[Event "5th OHRA Open"]
[Site "Amsterdam NED"]
[Date "1986.07.28"]
[Round "6"]
[White "Zapata Ramirez, Alonso"]
[Black "Martinovic, Slobodan"]
[Result "1/2-1/2"]
[WhiteElo "2495"]
[BlackElo "2425"]
[EventDate "1986.07.22"]
[PlyCount "49"]

1.e4 c5 2.Nf3 e6 3.d4 cxd4 4.Nxd4 a6 5.Bd3 Nf6 6.O-O Qc7 7.Qe2 d6 8.c4 Be7
9.b3 Nc6 10.Bb2 Bd7 11.Nd2 O-O 12.Rac1 Nxd4 13.Bxd4 Bc6 14.Qe3 Nd7 15.Qg3 
e5 16.Bb2 a5 17.Bb1 Nc5 18.f4 f6 19.Kh1 b5 20.cxb5 Bxb5 21.Rfd1 Qb7 22.f5 
Rfd8 23.Ba3 Rac8 24.Qe3 d5 25.Bxc5 1/2-1/2

[Event "5th OHRA Open"]
[Site "Amsterdam NED"]
[Date "1986.07.28"]
[Round "6"]
[White "Mednis, Edmar John"]
[Black "Dolmatov, Sergei"]
[Result "1/2-1/2"]
[WhiteElo "2470"]
[BlackElo "2510"]
[EventDate "1986.07.22"]
[PlyCount "52"]

1.c4 c5 2.Nf3 Nf6 3.g3 e6 4.Bg2 Be7 5.O-O O-O 6.Nc3 a6 7.b3 Qc7 8.d4 cxd4 
9.Qxd4 d6 10.Rd1 Rd8 11.Bb2 Bd7 12.e4 Be8 13.e5 Nc6 14.exd6 Rxd6 15.Qe3 
Rad8 16.Rxd6 Qxd6 17.Rd1 Qc7 18.Rxd8 Qxd8 19.Ne5 Qd6 20.Nxc6 Bxc6 21.Bxc6 
Qxc6 22.Ne2 h6 23.Nd4 Qd7 24.Kg2 Bc5 25.Qe5 Bd6 26.Qe2 Bc5 1/2-1/2

[Event "5th OHRA Open"]
[Site "Amsterdam NED"]
[Date "1986.07.28"]
[Round "6"]
[White "Braga, Fernando Alberto"]
[Black "Geller, Efim"]
[Result "0-1"]
[WhiteElo "2480"]
[BlackElo "2490"]
[EventDate "1986.07.22"]
[PlyCount "84"]

1.e4 e5 2.Nf3 Nc6 3.Bb5 a6 4.Ba4 Nf6 5.O-O Be7 6.Re1 b5 7.Bb3 O-O 8.c3 d5 
9.exd5 Nxd5 10.Nxe5 Nxe5 11.Rxe5 c6 12.g3 Bf6 13.Re1 c5 14.d4 Bb7 15.dxc5 
Re8 16.Nd2 Nxc3 17.bxc3 Bxc3 18.c6 Bxc6 19.Rxe8+ Qxe8 20.Rb1 Rd8 21.Qc2 
Bxd2 22.Bxd2 Be4 23.Bxf7+ Kxf7 24.Qb3+ Bd5 25.Qb4 Qe4 26.Qxe4 Bxe4 27.Rb2 
Rd4 28.h3 Bd5 29.Rc2 Ra4 30.Rc7+ Ke6 31.g4 Rxa2 32.Be3 b4 33.Bd4 g5 34.
Rxh7 Rd2 35.Bh8 Rd1+ 36.Kh2 Rh1+ 37.Kg3 Rg1+ 38.Kh2 Rg2+ 39.Kh1 Rxg4+ 40.
Kh2 Rh4 41.Rxh4 gxh4 42.f4 a5 0-1

[Event "5th OHRA Open"]
[Site "Amsterdam NED"]
[Date "1986.07.28"]
[Round "6"]
[White "Gheorghiu, Florin"]
[Black "Blees, Albert"]
[Result "1/2-1/2"]
[WhiteElo "2555"]
[BlackElo "2360"]
[EventDate "1986.07.22"]
[PlyCount "31"]

1.d4 Nf6 2.c4 g6 3.Nc3 Bg7 4.e4 d6 5.f3 O-O 6.Be3 b6 7.Bd3 a6 8.Nge2 c5 9.
e5 Nfd7 10.exd6 cxd4 11.Nxd4 Nc5 12.Nb3 Nxd3+ 13.Qxd3 Nc6 14.O-O Ne5 15.
Qe2 Be6 16.Nd5 1/2-1/2

[Event "5th OHRA Open"]
[Site "Amsterdam NED"]
[Date "1986.07.28"]
[Round "6"]
[White "Piket, Jeroen"]
[Black "Smejkal, Jan"]
[Result "1/2-1/2"]
[WhiteElo "2390"]
[BlackElo "2540"]
[EventDate "1986.07.22"]
[PlyCount "89"]

1.d4 Nf6 2.c4 g6 3.Nc3 d5 4.Nf3 Bg7 5.Bg5 Ne4 6.cxd5 Nxg5 7.Nxg5 e6 8.Qd2 
exd5 9.Qe3+ Kf8 10.Qf4 Bf6 11.h4 h6 12.Nf3 Be6 13.e3 c6 14.Bd3 Nd7 15.Ne2 
Qb8 16.Rc1 Kg7 17.Qxb8 Raxb8 18.Nf4 Rhe8 19.Kd2 Rbc8 20.Nxe6+ Rxe6 21.h5 
Be7 22.g4 Rf8 23.hxg6 fxg6 24.Ke2 c5 25.Bb5 Nf6 26.dxc5 Ne4 27.c6 Ref6 28.
Rh3 bxc6 29.Rxc6 Rb8 30.Rxf6 Bxf6 31.a4 a6 32.Bxa6 Rxb2+ 33.Kf1 Rxf2+ 34.
Kg1 Ra2 35.Bb5 Nc3 36.Bc6 Ra1+ 37.Kg2 Ra2+ 38.Kg1 Ra1+ 39.Kg2 Nxa4 40.Bxd5
Nc3 41.Be6 Ra6 42.Bc4 Ra4 43.Nd2 Nb1 44.Nxb1 Rxc4 45.Kf3 1/2-1/2

[Event "5th OHRA Open"]
[Site "Amsterdam NED"]
[Date "1986.07.28"]
[Round "6"]
[White "Hartoch, Robert"]
[Black "Eslon, Jaan"]
[Result "1/2-1/2"]
[WhiteElo "2370"]
[BlackElo "2415"]
[EventDate "1986.07.22"]
[PlyCount "28"]

1.Nf3 Nf6 2.g3 b6 3.Bg2 Bb7 4.O-O e6 5.d3 d5 6.Nbd2 Nbd7 7.b3 c5 8.Bb2 Qc7
9.e3 Be7 10.c4 O-O 11.Qe2 Rad8 12.Rac1 dxc4 13.bxc4 Nb8 14.Rfd1 Nc6 
1/2-1/2

[Event "5th OHRA Open"]
[Site "Amsterdam NED"]
[Date "1986.07.28"]
[Round "6"]
[White "Meulders, Richard"]
[Black "De Boer, Gert Jan"]
[Result "0-1"]
[WhiteElo "2370"]
[BlackElo "2440"]
[EventDate "1986.07.22"]
[PlyCount "81"]

1.d4 Nf6 2.c4 e6 3.Nc3 Bb4 4.e3 c5 5.Ne2 d5 6.a3 Bxc3+ 7.Nxc3 cxd4 8.exd4 
dxc4 9.Bxc4 Nc6 10.Be3 O-O 11.O-O h6 12.Qd3 Bd7 13.Rad1 Ne7 14.Rfe1 Bc6 
15.Bf4 Nfd5 16.Be5 Rc8 17.Nb5 Qb6 18.Nd6 Rcd8 19.b3 Rd7 20.Ne4 Ng6 21.Qg3 
Rfd8 22.Rd3 Bb5 23.Nc5 Re7 24.h4 Nxe5 25.Qxe5 Bxc4 26.bxc4 Nf6 27.Rb3 Qc6 
28.Rg3 Ne8 29.Rd1 Qc7 30.Qe3 Kf8 31.Rf3 Qc6 32.Re1 Kg8 33.d5 Qc8 34.dxe6 
fxe6 35.Nxe6 Nc7 36.Rf6 gxf6 37.Qxh6 Nxe6 38.Qxf6 Qd7 39.Re3 Rf8 40.Qg6+ 
Ng7 41.Rg3 0-1

[Event "5th OHRA Open"]
[Site "Amsterdam NED"]
[Date "1986.07.28"]
[Round "6"]
[White "Piket, Marcel"]
[Black "Marjanovic, Slavoljub"]
[Result "0-1"]
[WhiteElo "2375"]
[BlackElo "2515"]
[EventDate "1986.07.22"]
[PlyCount "126"]

1.d4 d5 2.Nf3 Nf6 3.Bg5 Ne4 4.Bf4 c5 5.e3 Nc6 6.c3 Qb6 7.Qb3 c4 8.Qc2 h6 
9.Nbd2 Bf5 10.Qc1 e6 11.Nxe4 Bxe4 12.Nd2 Bg6 13.e4 Rd8 14.Be2 Be7 15.O-O 
O-O 16.Re1 Qa5 17.Bf3 b5 18.a4 Qb6 19.axb5 Qxb5 20.Ra2 Bd6 21.Bxd6 Rxd6 
22.Bd1 Qb7 23.e5 Rd7 24.b3 Bd3 25.bxc4 dxc4 26.Bc2 Rc8 27.Re3 Ne7 28.Bxd3 
cxd3 29.Rxd3 Ng6 30.Nf3 Qd5 31.Ra1 Qc4 32.Re3 Nf4 33.Qf1 Nd5 34.Qxc4 Rxc4 
35.Ree1 Nxc3 36.g3 g5 37.h3 Nb5 38.Nd2 Rcxd4 39.Ne4 Kg7 40.Nf6 Rd8 41.Reb1
Nc3 42.Rb7 Rd1+ 43.Rxd1 Rxd1+ 44.Kg2 Re1 45.Rxa7 Rxe5 46.Ne8+ Kg6 47.Nd6 
f5 48.Nf7 Re2 49.Kf1 Ra2 50.Nh8+ Kf6 51.Rf7+ Ke5 52.Ng6+ Kd6 53.f3 Ne2 54.
g4 f4 55.Rh7 Nd4 56.Rxh6 Nxf3 57.Nf8 Nd4 58.Nh7 f3 59.Nxg5 Ke5 60.Ke1 Kf4 
61.Nxf3 Kxf3 62.g5 Ke3 63.Kf1 e5 0-1

[Event "5th OHRA Open"]
[Site "Amsterdam NED"]
[Date "1986.07.28"]
[Round "6"]
[White "Rivas Pastor, Manuel"]
[Black "Sehner, Norbert"]
[Result "1-0"]
[WhiteElo "2470"]
[BlackElo "2390"]
[EventDate "1986.07.22"]
[PlyCount "39"]

1.d4 d5 2.c4 e6 3.Nc3 c6 4.Nf3 dxc4 5.a4 Bb4 6.g3 Nf6 7.Bg2 c5 8.O-O Nc6 
9.dxc5 O-O 10.Nd2 Na5 11.Qc2 Qc7 12.Nce4 Nxe4 13.Nxe4 f5 14.Bd2 Bxd2 15.
Nxd2 Qxc5 16.Qc3 Qb6 17.Rfd1 Qa6 18.e3 Bd7 19.b4 cxb3 20.Nxb3 1-0

[Event "5th OHRA Open"]
[Site "Amsterdam NED"]
[Date "1986.07.29"]
[Round "7"]
[White "Murey, Jacob"]
[Black "Martinovic, Slobodan"]
[Result "1-0"]
[WhiteElo "2490"]
[BlackElo "2425"]
[EventDate "1986.07.22"]
[PlyCount "99"]

1.c4 Nf6 2.Nc3 g6 3.e4 d6 4.d4 Bg7 5.f3 O-O 6.Be3 Nbd7 7.Qd2 c5 8.Nge2 a6 
9.Bh6 Bxh6 10.Qxh6 b5 11.h4 e5 12.dxe5 Nxe5 13.Nf4 bxc4 14.O-O-O Rb8 15.
Be2 Kh8 16.Rd2 Be6 17.Qg5 Ne8 18.Rhd1 Qxg5 19.hxg5 Kg7 20.Ncd5 h6 21.gxh6+
Kxh6 22.Ne3 Rb4 23.Nfd5 Bxd5 24.Nxd5 Ra4 25.a3 g5 26.Nb6 Ra5 27.Nxc4 Nxc4 
28.Bxc4 Kg7 29.Kb1 Rh8 30.Ka2 Rh2 31.e5 dxe5 32.Rd7 Rxg2 33.Rxf7+ Kg6 34.
Rf8 Ra4 35.Bb3 Rf4 36.Rxe8 c4 37.Ba4 c3 38.Re6+ Kf7 39.Rxa6 Rxb2+ 40.Ka1 
Rb7 41.Bc2 g4 42.fxg4 Rxg4 43.Rc6 Rg3 44.a4 e4 45.Rc4 Kf6 46.Bxe4 Rb3 47.
Bc2 Ra3+ 48.Kb1 Rg8 49.Rf4+ Ke5 50.Re4+ 1-0

[Event "5th OHRA Open"]
[Site "Amsterdam NED"]
[Date "1986.07.29"]
[Round "7"]
[White "Dolmatov, Sergei"]
[Black "Geller, Efim"]
[Result "1/2-1/2"]
[WhiteElo "2510"]
[BlackElo "2490"]
[EventDate "1986.07.22"]
[PlyCount "27"]

1.d4 Nf6 2.c4 e6 3.Nf3 d5 4.Nc3 Be7 5.Bg5 h6 6.Bh4 O-O 7.e3 b6 8.Bd3 Bb7 
9.O-O Nbd7 10.Qc2 c5 11.Rfd1 Rc8 12.cxd5 Nxd5 13.Bxe7 Qxe7 14.Nxd5 1/2-1/2

[Event "5th OHRA Open"]
[Site "Amsterdam NED"]
[Date "1986.07.29"]
[Round "7"]
[White "Mednis, Edmar John"]
[Black "Zapata Ramirez, Alonso"]
[Result "0-1"]
[WhiteElo "2470"]
[BlackElo "2495"]
[EventDate "1986.07.22"]
[PlyCount "72"]

1.c4 Nf6 2.g3 g6 3.Bg2 Bg7 4.Nf3 d6 5.O-O O-O 6.Nc3 Nc6 7.d3 e5 8.Rb1 a5 
9.a3 h6 10.b4 axb4 11.axb4 Be6 12.b5 Ne7 13.Bb2 Qd7 14.Nd2 Rab8 15.Re1 Bh3
16.Bh1 Ng4 17.Ra1 f5 18.Nd5 g5 19.Ra7 Nc8 20.Ra2 c6 21.Nc3 Ne7 22.Qc2 Kh8 
23.Rea1 f4 24.bxc6 bxc6 25.Nf3 Nf5 26.Ra7 Qe8 27.Ne4 d5 28.Nc5 Rf7 29.Bc3 
Nd6 30.Qa4 e4 31.Bxg7+ Rxg7 32.Rxg7 e3 33.Bg2 exf2+ 34.Kh1 Bxg2+ 35.Kxg2 
Qxe2 36.Rh7+ Kxh7 0-1

[Event "5th OHRA Open"]
[Site "Amsterdam NED"]
[Date "1986.07.29"]
[Round "7"]
[White "Eslon, Jaan"]
[Black "Ree, Hans"]
[Result "1/2-1/2"]
[WhiteElo "2415"]
[BlackElo "2450"]
[EventDate "1986.07.22"]
[PlyCount "107"]

1.d4 Nf6 2.c4 c5 3.d5 d6 4.Nc3 g6 5.e4 Bg7 6.f4 O-O 7.Nf3 b5 8.cxb5 a6 9.
Bd2 axb5 10.Bxb5 Qb6 11.a4 Ba6 12.Rb1 Bxb5 13.axb5 Ne8 14.O-O Nc7 15.Kh1 
Nd7 16.Qe2 Rfb8 17.e5 Qb7 18.e6 fxe6 19.dxe6 Nf8 20.f5 Nxb5 21.Qd3 Nxc3 
22.bxc3 c4 23.Rxb7 cxd3 24.Rxb8 Rxb8 25.g4 h5 26.h3 hxg4 27.hxg4 Nh7 28.
Nh4 gxf5 29.Nxf5 Rb7 30.Rf3 Nf8 31.Rxd3 Nxe6 32.Nxg7 Kxg7 33.Kg2 Nc5 34.
Re3 e5 35.Re2 Kg6 36.Be3 Ne4 37.c4 Rc7 38.Rc2 d5 39.Kf3 Ng5+ 40.Ke2 Rxc4 
41.Rxc4 dxc4 42.Bc1 Kf6 43.Kd2 Ne4+ 44.Kc2 Ke6 45.Ba3 Ng5 46.Bc1 Nf3 47.
Kc3 Kd5 48.g5 Nh4 49.Bd2 Ng6 50.Bc1 e4 51.Be3 Ne5 52.Bf4 Ng6 53.Bc1 Ne7 
54.Bf4 1/2-1/2

[Event "5th OHRA Open"]
[Site "Amsterdam NED"]
[Date "1986.07.29"]
[Round "7"]
[White "Marjanovic, Slavoljub"]
[Black "Pliester, Leon"]
[Result "1/2-1/2"]
[WhiteElo "2515"]
[BlackElo "2380"]
[EventDate "1986.07.22"]
[PlyCount "87"]

1.e4 e5 2.Nf3 Nc6 3.Bb5 Nge7 4.c3 a6 5.Ba4 d6 6.d4 Bd7 7.Bg5 f6 8.Be3 Ng6 
9.Nbd2 Be7 10.Bb3 Na5 11.Bc2 c5 12.d5 Rc8 13.b3 O-O 14.O-O b5 15.Qe2 Qe8 
16.Rfc1 Bd8 17.b4 cxb4 18.cxb4 Nc4 19.Nxc4 Rxc4 20.a3 Nf4 21.Bxf4 exf4 22.
Bd3 Rxc1+ 23.Rxc1 Bb6 24.Qd2 g5 25.h3 h5 26.Nh2 Qe5 27.Nf3 Qe7 28.Nh2 Qe5 
29.Nf3 Qe7 30.Nh2 Rc8 31.Rxc8+ Bxc8 32.Qd1 Qe5 33.Qxh5 Kg7 34.Nf3 Qa1+ 35.
Bf1 Qb2 36.Qe8 Qxf2+ 37.Kh2 Qxf1 38.Qe7+ Kg6 39.Qe8+ Kg7 40.Qe7+ Kg6 41.h4
Bg4 42.Qe8+ Kg7 43.Qe7+ Kg6 44.Qe8+ 1/2-1/2